[Event "ICS rated blitz match"]
[Site "204.178.125.65"]
[Date "1999.12.03"]
[Round "?"]
[White "Hossa"]
[Black "brutus"]
[Result "1/2-1/2"]
[WhiteElo "2504"]
[BlackElo "2100"]
[PlyCount "99"]
[EventDate "1999.??.??"]

1. e4 e6 2. d4 d5 3. e5 Bd7 4. Nf3 c5 5. c3 Qb6 6. Be2 cxd4 7. cxd4 Bb5 8. O-O
Bxe2 9. Qxe2 Nc6 10. Be3 Nge7 11. Nc3 Nf5 12. Rac1 Be7 13. Qc2 Rd8 14. Qb3 Qxb3
15. axb3 Kd7 16. g4 Nh4 17. Nxh4 Bxh4 18. Na4 b6 19. Ra1 Kc7 20. Nc3 Kb7 21. f4
Be7 22. f5 Rhf8 23. Ra4 a5 24. Rc1 Rc8 25. Nb5 Na7 26. Rxc8 Rxc8 27. Nxa7 Kxa7
28. Ra1 Rc2 29. Rc1 Rxc1+ 30. Bxc1 Ka6 31. Kg2 Kb5 32. Bd2 Bb4 33. Bg5 g6 34.
fxg6 fxg6 35. Kf3 a4 36. Ke3 axb3 37. Kd3 Kc6 38. Bd2 Kb5 39. Bg5 h5 40. h3
hxg4 41. hxg4 Ka4 42. Bh6 b5 43. Bg5 Ba3 44. Bc1 Be7 45. g5 b4 46. Bd2 Kb5 47.
Be3 Bd8 48. Bf4 Bb6 49. Bd2 Bd8 50. Bf4 {Game drawn by mutual agreement}
1/2-1/2

[Event "ICS rated blitz match"]
[Site "204.178.125.65"]
[Date "1999.12.03"]
[Round "?"]
[White "Hossa"]
[Black "SuperChicken"]
[Result "0-1"]
[WhiteElo "2515"]
[BlackElo "2661"]
[PlyCount "176"]
[EventDate "1999.??.??"]

1. e4 e5 2. Nf3 Nc6 3. Bb5 a6 4. Ba4 Nf6 5. d4 exd4 6. O-O Be7 7. e5 Ne4 8.
Bxc6 dxc6 9. Re1 Nc5 10. Nxd4 O-O 11. Nc3 Re8 12. Be3 Bf8 13. Qh5 g6 14. Qg5
Qxg5 15. Bxg5 h6 16. Bf6 Nd7 17. Ne4 Nc5 18. f3 Nxe4 19. Rxe4 c5 20. Nb3 b5 21.
Rd1 Bf5 22. Re2 a5 23. g4 Be6 24. Red2 a4 25. Nc1 c4 26. Kg2 a3 27. b3 Bb4 28.
Rf2 c5 29. bxc4 Bxc4 30. f4 Bc3 31. Nb3 Rac8 32. Rb1 Bd5+ 33. Kg3 c4 34. Na1
Rc5 35. Re2 Bb2 36. Rd1 c3 37. Nb3 Bxb3 38. axb3 a2 39. Ree1 Rc6 40. f5 gxf5
41. gxf5 Rxf6 42. exf6 Rxe1 43. Rxe1 a1=Q 44. Rxa1 Bxa1 45. Kf4 Bb2 46. Ke5 Kf8
47. Kd4 b4 48. Kc5 Ba3 49. h3 Ke8 50. Kd6 Kd8 51. Kc6 h5 52. Kd6 Ke8 53. Kc6
Bc1 54. Kc5 Bg5 55. Kxb4 Bxf6 56. Kc5 Kd7 57. Kd5 h4 58. b4 Kc7 59. Kc5 Bh8 60.
b5 Bf6 61. Kd5 Kb6 62. Kc4 Be7 63. Kxc3 Kxb5 64. Kd4 Bf6+ 65. Kd5 Bc3 66. Kd6
Kc4 67. Ke7 f6 68. Ke6 Kc5 69. Ke7 Kd5 70. Kd7 Ke5 71. Ke7 Kf4 72. Ke6 Kg3 73.
Kd5 Kxh3 74. Kc4 Be5 75. Kd3 Kg3 76. Kc4 h3 77. Kd5 Kf4 78. Kc4 h2 79. Kb3 Kxf5
80. Kc4 Ke4 81. Kb5 Kd4 82. Kb4 h1=Q 83. c3+ Kd3 84. c4 Qc6 85. c5 Bc3+ 86. Kb3
Qb7+ 87. Ka3 Qb4+ 88. Ka2 88... Qb2# {Hossa checkmated} 0-1

[Event "ICS rated blitz match"]
[Site "204.178.125.65"]
[Date "1999.12.03"]
[Round "?"]
[White "jwheeler"]
[Black "Hossa"]
[Result "0-1"]
[WhiteElo "2154"]
[BlackElo "2505"]
[PlyCount "58"]
[EventDate "1999.??.??"]

1. e4 e5 2. Nf3 Nc6 3. Bb5 a6 4. Ba4 Nf6 5. O-O Be7 6. d4 exd4 7. e5 Ne4 8.
Nxd4 O-O 9. Nf5 d5 10. Nxe7+ Nxe7 11. Nd2 Nc5 12. Bb3 a5 13. c3 a4 14. Bc2 Bf5
15. Bxf5 Nxf5 16. Qg4 Qd7 17. Nf3 f6 18. Bf4 fxe5 19. Nxe5 Qb5 20. b4 axb3 21.
axb3 Rxa1 22. Rxa1 Qxb3 23. h4 Qxc3 24. Rc1 Qb4 25. Rxc5 Qxc5 26. Nd7 Qc2 27.
Nxf8 Kxf8 28. Bxc7 Qc1+ 29. Kh2 29... Qxc7+ {jwheeler resigns} 0-1

[Event "ICS rated blitz match"]
[Site "204.178.125.65"]
[Date "1999.12.03"]
[Round "?"]
[White "Hossa"]
[Black "Isfen"]
[Result "1-0"]
[WhiteElo "2509"]
[BlackElo "2149"]
[PlyCount "76"]
[EventDate "1999.??.??"]

1. e4 e5 2. Nf3 d6 3. d4 Nd7 4. Bc4 c6 5. O-O Be7 6. Be3 Ngf6 7. Nbd2 O-O 8. c3
b5 9. Bd3 a5 10. a4 Ba6 11. axb5 cxb5 12. Ng5 h6 13. Ngf3 Qc7 14. Qe2 Rab8 15.
Rfe1 Rfe8 16. Ra2 Nf8 17. Rea1 a4 18. Qe1 Ng6 19. Rc1 Bc8 20. c4 bxc4 21. Nxc4
Qb7 22. Rxa4 Nxe4 23. Na5 Qd5 24. Nc6 Rxb2 25. Bc4 Qxc6 26. Bxf7+ Kxf7 27. Rxc6
Bd7 28. Rb4 Rxb4 29. Qxb4 Bxc6 30. Qc4+ d5 31. Qxc6 exd4 32. Qxd5+ Kf8 33. Qxe4
dxe3 34. Qxg6 e2 35. Ne1 Bb4 36. Qf5+ Kg8 37. Qb5 Rd8 38. Qxb4 38... Rd1 {
Isfen resigns} 1-0

[Event "ICS rated blitz match"]
[Site "204.178.125.65"]
[Date "1999.12.03"]
[Round "?"]
[White "Hossa"]
[Black "PostModernist"]
[Result "0-1"]
[WhiteElo "2513"]
[BlackElo "2562"]
[PlyCount "212"]
[EventDate "1999.??.??"]

1. e4 c5 2. Nf3 d6 3. Bc4 h6 4. d4 cxd4 5. Nxd4 Nf6 6. Nc3 e5 7. Nf3 Be7 8. Qd3
O-O 9. O-O Bg4 10. Nh4 Kh8 11. Nf5 Bxf5 12. exf5 Nc6 13. Re1 Rc8 14. Bb3 Nd4
15. Be3 Nxb3 16. axb3 a6 17. Bd2 Re8 18. Re2 Qd7 19. Rd1 b5 20. Be1 Kg8 21. Ra1
Qc6 22. Ra2 Bd8 23. Rd2 b4 24. Nd1 a5 25. Ne3 d5 26. Nxd5 Nxd5 27. Qxd5 Qxd5
28. Rxd5 Rxc2 29. Rd2 Rc1 30. Kf1 Bc7 31. Ke2 Rc8 32. Rd1 Rxd1 33. Kxd1 e4 34.
h3 Rd8+ 35. Kc2 Rd5 36. g4 Rd3 37. Ra1 Rxh3 38. Bd2 Rh4 39. Rg1 h5 40. gxh5
Rxh5 41. Be3 Rxf5 42. Rg4 Rd5 43. Rxe4 f5 44. Re7 Bd8 45. Ra7 g5 46. Rb7 f4 47.
Bd2 Rc5+ 48. Kd1 Bf6 49. Bc1 Bg7 50. f3 Kh7 51. Re7 Kg6 52. Re1 Rd5+ 53. Kc2
Be5 54. Re2 Kf5 55. Rh2 Rd6 56. Rh7 Kg6 57. Ra7 Rd5 58. Re7 Kf6 59. Re8 Kf5 60.
Rc8 Kg6 61. Rg8+ Kh5 62. Bd2 Bd4 63. Be1 Rc5+ 64. Kd2 Bxb2 65. Kd3 Ba1 66. Bd2
Rd5+ 67. Ke2 Bc3 68. Bxc3 bxc3 69. Rh8+ Kg6 70. Rc8 Rd2+ 71. Ke1 Rd3 72. Ke2
Re3+ 73. Kf2 c2 74. Rxc2 Rxb3 75. Kg2 g4 76. Rc6+ Kh5 77. Rc5+ Kh4 78. fxg4 Ra3
79. Rc8 Kxg4 80. Rg8+ Kf5 81. Rf8+ Ke4 82. Re8+ Kd4 83. Rd8+ Ke5 84. Re8+ Kf6
85. Rf8+ Kg5 86. Rg8+ Kh5 87. Rh8+ Kg6 88. Ra8 a4 89. Ra5 Rg3+ 90. Kf2 a3 91.
Ra8 Re3 92. Rg8+ Kf5 93. Rf8+ Ke5 94. Re8+ Kd4 95. Rd8+ Kc3 96. Kg2 a2 97. Ra8
Kb2 98. Rb8+ Rb3 99. Ra8 f3+ 100. Kf2 a1=Q 101. Rf8 Ra3 102. Rb8+ Ka2 103. Rf8
Qb2+ 104. Kg3 Qg7+ 105. Kf2 Qg2+ 106. Ke1 106... Qe2# {Hossa checkmated} 0-1

[Event "ICS Rated blitz match"]
[Site "204.178.125.65"]
[Date "1999.12.03"]
[Round "?"]
[White "PostModernist"]
[Black "Hossa"]
[Result "1-0"]
[WhiteElo "2576"]
[BlackElo "2499"]
[PlyCount "50"]
[EventDate "1999.??.??"]

1. d4 d5 2. c4 dxc4 3. e3 e5 4. Bxc4 Nc6 5. Nf3 e4 6. Nfd2 Qg5 7. g3 Nf6 8. Nc3
Bb4 9. d5 Bxc3 10. dxc6 Bxd2+ 11. Bxd2 b5 12. Be2 Bg4 13. Bxg4 Nxg4 14. Ba5 Rd8
15. Qc2 Qg6 16. Qc5 Qf6 17. O-O Ne5 18. Bxc7 Nf3+ 19. Kh1 Rc8 20. Bd6 Qh6 21.
g4 Qe6 22. Rfd1 a6 23. a4 Qxg4 24. axb5 axb5 25. Ra7 25... h5 {Hossa resigns}
1-0

[Event "ICS Rated blitz match"]
[Site "204.178.125.65"]
[Date "1999.12.03"]
[Round "?"]
[White "Hossa"]
[Black "PostModernist"]
[Result "0-1"]
[WhiteElo "2486"]
[BlackElo "2589"]
[PlyCount "102"]
[EventDate "1999.??.??"]

1. e4 c5 2. c3 e6 3. d4 d5 4. exd5 Qxd5 5. Nf3 Nf6 6. Be3 cxd4 7. cxd4 Nc6 8.
Nc3 Qd6 9. Bd3 Be7 10. Nb5 Qb8 11. O-O O-O 12. Rc1 Bd7 13. Qd2 Nb4 14. Bf4 Qxf4
15. Qxf4 Nxd3 16. Qd2 Bxb5 17. Rc7 Bb4 18. Qc2 Bd6 19. Rxb7 Nb4 20. Qb3 Bxf1
21. Kxf1 a5 22. a3 Nbd5 23. Kg1 Rfc8 24. Qd1 Bf4 25. Nd2 Ne4 26. Nxe4 Rc1 27.
Qxc1 Bxc1 28. Nd6 Rf8 29. Nc4 g6 30. Nxa5 Rc8 31. h4 Rc2 32. a4 Bd2 33. Nb3 Be1
34. a5 Bxf2+ 35. Kh2 Rxb2 36. a6 Ra2 37. a7 Kg7 38. Nc5 Ra3 39. Nxe6+ Kf6 40.
a8=Q Rxa8 41. Ng5 Bxh4 42. Nxf7 Ra3 43. g4 Bg3+ 44. Kg1 Nf4 45. g5+ Ke6 46.
Nd8+ Kd5 47. Rb5+ Ke4 48. Rb1 Ra2 49. Rd1 Rf2 50. Re1+ Kf3 51. Re3+ 51... Kxe3
{Hossa resigns} 0-1

[Event "ICS Rated blitz match"]
[Site "204.178.125.65"]
[Date "1999.12.03"]
[Round "?"]
[White "MissSilicon"]
[Black "Hossa"]
[Result "1-0"]
[WhiteElo "2743"]
[BlackElo "2469"]
[PlyCount "153"]
[EventDate "1999.??.??"]

1. f4 Nf6 2. Nf3 e6 3. e3 d5 4. d4 c5 5. Nc3 Nc6 6. Bb5 Bd6 7. Ne5 Qb6 8. O-O
O-O 9. Bxc6 bxc6 10. Na4 Qa5 11. Nxc5 Bxc5 12. Bd2 Qb6 13. dxc5 Qxc5 14. Re1
Ne4 15. Nd3 Qb6 16. Bb4 c5 17. Ba3 Rb8 18. Nf2 Rd8 19. Nxe4 dxe4 20. Qe2 Ba6
21. Qf2 Qd6 22. b3 f6 23. Qg3 Rb7 24. Bb2 Qe7 25. Bc3 Rd5 26. Rad1 Qf7 27. Rxd5
exd5 28. Rd1 Be2 29. Rd2 Bb5 30. Qg4 Bd7 31. Qd1 Bc6 32. a3 Kh8 33. Ba5 Rb5 34.
b4 c4 35. a4 Rb8 36. b5 Ba8 37. c3 Kg8 38. Bb4 Qc7 39. Rxd5 Bxd5 40. Qxd5+ Qf7
41. Qxe4 Rd8 42. Qf5 h6 43. e4 Rd1+ 44. Kf2 Rd2+ 45. Kf3 g5 46. h4 gxh4 47.
Qg4+ Qg7 48. Qxg7+ Kxg7 49. a5 Rd3+ 50. Kg4 Rg3+ 51. Kxh4 Rxg2 52. b6 axb6 53.
axb6 Rh2+ 54. Kg3 Rd2 55. b7 Rd3+ 56. Kg4 Rd8 57. Bd6 Kf7 58. Kh5 f5 59. e5 Kg7
60. b8=Q Rxb8 61. Bxb8 Kf7 62. Bc7 Ke6 63. Kxh6 Ke7 64. Bd6+ Kd7 65. Kg5 Ke6
66. Bb4 Kd5 67. Kxf5 Kc6 68. e6 Kc7 69. Kg6 Kc6 70. e7 Kd5 71. Kf5 Kc6 72.
e8=Q+ Kb6 73. Qb8+ Kc6 74. Kf6 Kd7 75. Qb7+ Kd8 76. Ba5+ Ke8 77. Qc8# {
Hossa checkmated} 1-0

[Event "ICS rated blitz match"]
[Site "204.178.125.65"]
[Date "1999.12.03"]
[Round "?"]
[White "Isfen"]
[Black "Hossa"]
[Result "0-1"]
[WhiteElo "2153"]
[BlackElo "2464"]
[PlyCount "40"]
[EventDate "1999.??.??"]

1. d4 d5 2. e3 c5 3. c3 Nc6 4. Nf3 Bg4 5. dxc5 e5 6. h3 Bxf3 7. Qxf3 Bxc5 8.
Bb5 a6 9. Bxc6+ bxc6 10. Qg3 Qf6 11. e4 Ne7 12. Bg5 Bxf2+ 13. Qxf2 Qxg5 14. O-O
O-O 15. Nd2 Rab8 16. b3 Ng6 17. Rfe1 Nf4 18. Qf3 f5 19. exd5 e4 20. Qe3 20...
Qxg2# {Isfen checkmated} 0-1

[Event "ICS Rated blitz match"]
[Site "204.178.125.65"]
[Date "1999.12.03"]
[Round "?"]
[White "Hossa"]
[Black "PostModernist"]
[Result "0-1"]
[WhiteElo "2469"]
[BlackElo "2600"]
[PlyCount "162"]
[EventDate "1999.??.??"]

1. f4 d5 2. Nf3 g6 3. d4 Nf6 4. e3 Bg7 5. c4 c6 6. Bd3 dxc4 7. Bxc4 b5 8. Bd3
O-O 9. O-O a5 10. e4 Ng4 11. Be2 b4 12. h3 Nf6 13. Qc2 Bb7 14. Be3 c5 15. dxc5
Bxe4 16. Qc4 Bd5 17. Qc1 Nc6 18. Rd1 e6 19. Nbd2 Nh5 20. Nf1 Qe7 21. Bb5 Bxf3
22. gxf3 Na7 23. Bd7 Qh4 24. Kg2 Bh6 25. Rd4 Rfd8 26. Qe1 Qf6 27. Qd2 Nxf4+ 28.
Bxf4 Bxf4 29. Rxf4 Qg5+ 30. Kh1 Rxd7 31. Qxd7 Qxf4 32. Qb7 Qb8 33. Qxb8+ Rxb8
34. Ne3 Rc8 35. Rc1 Rc7 36. Kg1 Nc6 37. Rd1 Kg7 38. a3 bxa3 39. bxa3 Ne5 40. f4
Nd7 41. Nc4 Rxc5 42. Nxa5 Rxa5 43. Rxd7 Rxa3 44. Kg2 Kf6 45. Rc7 Rd3 46. h4 h5
47. Rc5 Rd5 48. Rc7 Rb5 49. Rc3 Kf5 50. Kg3 f6 51. Ra3 Rb4 52. Rf3 Rb1 53. Kg2
Re1 54. Kh2 Ke4 55. Rg3 Re2+ 56. Kg1 Kf5 57. Kh1 Rf2 58. Rb3 Rxf4 59. Rh3 Kg4
60. Rh2 Rf1+ 61. Kg2 Rc1 62. Kf2 Rc2+ 63. Kg1 Rxh2 64. Kxh2 Kxh4 65. Kg2 g5 66.
Kh2 g4 67. Kg2 g3 68. Kg1 Kh3 69. Kh1 g2+ 70. Kg1 h4 71. Kf2 Kh2 72. Ke3 g1=Q+
73. Kd3 Qc1 74. Ke4 Qc2+ 75. Kd4 Kg3 76. Ke3 Qc3+ 77. Ke2 Qd4 78. Ke1 Qf2+ 79.
Kd1 h3 80. Kc1 h2 81. Kd1 81... h1=Q# {Hossa checkmated} 0-1

[Event "ICS rated blitz match"]
[Site "204.178.125.65"]
[Date "1999.12.03"]
[Round "?"]
[White "Skeletor"]
[Black "Hossa"]
[Result "1-0"]
[WhiteElo "2592"]
[BlackElo "2459"]
[PlyCount "91"]
[EventDate "1999.??.??"]

1. d4 d5 2. c4 dxc4 3. Nf3 Nf6 4. e3 a6 5. Bxc4 e6 6. Qe2 c5 7. dxc5 Bxc5 8.
O-O O-O 9. Rd1 Qe7 10. Nc3 b5 11. Bd3 Bb7 12. e4 Ng4 13. Bg5 Qc7 14. Bh4 b4 15.
Na4 Bd6 16. Rac1 Qa5 17. b3 Nc6 18. h3 Nge5 19. Nxe5 Bxe5 20. Nc5 Qc7 21. Bxa6
Bxa6 22. Nxa6 Qb6 23. Nc5 Rfc8 24. Nd7 Qa5 25. Rc4 Qb5 26. Qg4 f5 27. exf5 exf5
28. Qf3 Nd4 29. Rcxd4 Bxd4 30. Rxd4 Rxa2 31. Rd5 Qa6 32. Qxf5 Ra1+ 33. Kh2 Rf1
34. Rd4 Re8 35. Rf4 Qc8 36. Nf6+ Kf8 37. Nxh7+ Kg8 38. Nf6+ Kf8 39. Nd7+ Kg8
40. Qf7+ Kh8 41. Qh5+ Kg8 42. Nf6+ Kf8 43. Nxe8+ Qf5 44. Qxf5+ Kg8 45. Qf8+ Kh7
46. Qxg7# {Hossa checkmated} 1-0

[Event "ICS Rated standard match"]
[Site "204.178.125.65"]
[Date "1999.12.03"]
[Round "?"]
[White "Hossa"]
[Black "SharpShooter"]
[Result "1/2-1/2"]
[WhiteElo "2165"]
[BlackElo "2450"]
[PlyCount "101"]
[EventDate "1999.??.??"]

1. d4 Nf6 2. c4 e6 3. Nf3 b6 4. e3 Bb7 5. Bd3 d5 6. cxd5 exd5 7. O-O Bd6 8. Nc3
O-O 9. Bd2 Ne4 10. Qc2 f5 11. Nb5 Nc6 12. Nxd6 Qxd6 13. Rac1 Rae8 14. Bb5 Re6
15. Bxc6 Qxc6 16. Qb3 Qd7 17. Bb4 Rfe8 18. Ne5 Qd8 19. f3 Nd6 20. Rfe1 Qe7 21.
Kh1 a5 22. Bxd6 cxd6 23. Nc6 Bxc6 24. Rxc6 Rxe3 25. Qxd5+ Qf7 26. Qxf7+ Kxf7
27. Rxe3 Rxe3 28. h3 b5 29. Rxd6 Re2 30. b3 b4 31. Rd5 Rxa2 32. Rxf5+ Ke6 33.
Rh5 h6 34. Rb5 Ra3 35. d5+ Kd6 36. h4 Rxb3 37. Rxa5 Re3 38. Rb5 b3 39. f4 Rd3
40. Kg1 h5 41. Kf1 Rc3 42. Ke2 g6 43. Kf2 Rd3 44. g3 Rc3 45. Kg2 Kc7 46. Rb4
Rc2+ 47. Kf3 Rc3+ 48. Kf2 Rc2+ 49. Ke3 Rc3+ 50. Kf2 Rc2+ 51. Ke3 {
Game drawn by mutual agreement} 1/2-1/2

[Event "ICS Rated standard match"]
[Site "204.178.125.65"]
[Date "1999.12.03"]
[Round "?"]
[White "Hossa"]
[Black "Moron"]
[Result "1/2-1/2"]
[WhiteElo "2174"]
[BlackElo "2587"]
[PlyCount "271"]
[EventDate "1999.??.??"]

1. e4 e5 2. Nf3 Nc6 3. Bc4 Bc5 4. c3 Nf6 5. d4 exd4 6. cxd4 Bb4+ 7. Bd2 Bxd2+
8. Nbxd2 d5 9. exd5 Nxd5 10. Qb3 Nce7 11. O-O O-O 12. Rfe1 c6 13. a4 Qb6 14.
Qxb6 axb6 15. Ne4 Rd8 16. b3 Bg4 17. Ne5 Bf5 18. Rac1 Kf8 19. Ng3 Be6 20. Rc2
Nc7 21. Rd2 Bxc4 22. Nxc4 b5 23. axb5 Nxb5 24. Nb6 Ra6 25. Na4 g6 26. Ne2 Nd5
27. Nc5 Ra7 28. Rc2 Ne7 29. Rd2 Nf5 30. Red1 Nfxd4 31. Kf1 Rd5 32. Nxd4 Nxd4
33. Rxd4 Rxc5 34. R4d2 Rh5 35. h3 Ra3 36. Rb1 Rb5 37. Rd3 Kg7 38. Re3 Rb4 39.
Ke2 c5 40. Rc3 b6 41. g3 f5 42. Rb2 Kf6 43. Kf1 f4 44. Kg2 h5 45. gxf4 Kf5 46.
Rf3 h4 47. Rc3 Rb5 48. Kf3 c4 49. Rxc4 Raxb3+ 50. Rxb3 Rxb3+ 51. Kg2 b5 52. Rd4
Ke6 53. Rd8 b4 54. Rh8 Rd3 55. Rxh4 b3 56. Rg4 Kf6 57. Rg5 b2 58. Rb5 Rd2 59.
Kf3 Ke6 60. Ke3 Rc2 61. f3 Kd6 62. Kd4 Kd7 63. Kd3 Rh2 64. Rb6 Kc7 65. Rb4 Kd6
66. Kc3 Rxh3 67. Kxb2 Ke6 68. Rb5 Rxf3 69. Kc1 Rxf4 70. Kd1 Rf2 71. Rb6+ Kf5
72. Ke1 Ra2 73. Rb5+ Kg4 74. Kf1 g5 75. Kg1 Kh4 76. Rb4+ g4 77. Rf4 Kh3 78. Rf1
g3 79. Re1 Rg2+ 80. Kh1 Rf2 81. Kg1 Rd2 82. Rf1 Rg2+ 83. Kh1 Re2 84. Kg1 Rd2
85. Re1 Rb2 86. Rf1 Re2 87. Rd1 Rg2+ 88. Kh1 Rc2 89. Kg1 Rc3 90. Re1 Rb3 91.
Rf1 Rb2 92. Re1 Ra2 93. Rf1 Ra4 94. Re1 Rc4 95. Rf1 Rc6 96. Re1 Rc8 97. Rf1 Rc7
98. Re1 Rd7 99. Rf1 Rd3 100. Re1 Rd5 101. Rf1 Rd7 102. Re1 Rd3 103. Rf1 Rd6
104. Re1 Rc6 105. Rf1 Rc4 106. Re1 Rc3 107. Rf1 Ra3 108. Re1 Ra4 109. Rf1 Rb4
110. Re1 Rd4 111. Rf1 Rd5 112. Re1 Rd6 113. Rf1 Re6 114. Rd1 Re5 115. Rf1 Re3
116. Rd1 Re4 117. Rf1 Re5 118. Rd1 Re3 119. Rf1 Rb3 120. Re1 Kg4 121. Re4+ Kf3
122. Re1 Rb2 123. Rf1+ Rf2 124. Re1 Rg2+ 125. Kh1 Rc2 126. Rf1+ Rf2 127. Kg1
Rxf1+ 128. Kxf1 Kg4 129. Kg2 Kf4 130. Kg1 Kg5 131. Kg2 Kh4 132. Kg1 Kh5 133.
Kg2 Kg4 134. Kg1 Kf5 135. Kg2 Ke5 136. Kxg3 {
Game drawn because neither player has mating material} 1/2-1/2

[Event "ICS Rated standard match"]
[Site "204.178.125.65"]
[Date "1999.12.03"]
[Round "?"]
[White "SPIKE-1"]
[Black "Hossa"]
[Result "1-0"]
[WhiteElo "2446"]
[BlackElo "2187"]
[PlyCount "38"]
[EventDate "1999.??.??"]

1. e4 e5 2. d4 exd4 3. c3 dxc3 4. Bc4 cxb2 5. Bxb2 Qg5 6. Nf3 Qg6 7. O-O d6 8.
Nh4 Qg5 9. Qb3 Qe7 10. Nf5 Bxf5 11. Qxb7 Qxe4 12. Bd5 Qe2 13. Nc3 Qa6 14. Qxa8
Qc8 15. Rfe1+ Ne7 16. Rac1 a6 17. Ne4 Bxe4 18. Rxe4 f6 19. Bxf6 19... gxf6 {
Hossa resigns} 1-0

[Event "ICS Rated standard match"]
[Site "204.178.125.65"]
[Date "1999.12.03"]
[Round "?"]
[White "Hossa"]
[Black "SPIKE-1"]
[Result "0-1"]
[WhiteElo "2181"]
[BlackElo "2452"]
[PlyCount "102"]
[EventDate "1999.??.??"]

1. e4 c6 2. d4 d5 3. exd5 cxd5 4. c4 Nf6 5. Nc3 e6 6. Nf3 Bb4 7. a3 Bxc3+ 8.
bxc3 O-O 9. Be2 b6 10. Bg5 Ba6 11. cxd5 Bxe2 12. Qxe2 exd5 13. Bxf6 Qxf6 14.
O-O Nc6 15. Rfe1 Rac8 16. Qb5 Qd6 17. c4 dxc4 18. Qxc4 h6 19. Qd3 Rfe8 20. Rac1
Rxe1+ 21. Rxe1 Qd5 22. Qa6 Rd8 23. Rd1 b5 24. Qb7 Qb3 25. Rf1 Nxd4 26. Nxd4
Rxd4 27. Qxa7 Ra4 28. Qe7 Rxa3 29. Qe8+ Kh7 30. h3 Qc4 31. Rb1 Rc3 32. Re1 b4
33. Re4 Rc1+ 34. Kh2 Qc7+ 35. f4 Qc5 36. Re2 Qg1+ 37. Kg3 Rc3+ 38. Kg4 Qh2 39.
Kf5 Qg3 40. Qb5 Qg6+ 41. Ke5 Rd3 42. Qxd3 Qxd3 43. Rf2 b3 44. Rb2 Qc3+ 45. Kd6
Qxb2 46. Kc6 Qf6+ 47. Kd5 b2 48. Ke4 b1=Q+ 49. Kf3 Qf1+ 50. Ke4 Q6xf4+ 51. Kd5
51... Q1c4# {Hossa checkmated} 0-1

[Event "ICS rated bullet match"]
[Site "204.178.125.65"]
[Date "1999.12.03"]
[Round "?"]
[White "Hossa"]
[Black "PostModernist"]
[Result "1-0"]
[WhiteElo "2563"]
[BlackElo "2491"]
[PlyCount "87"]
[EventDate "1999.??.??"]

1. d4 Nf6 2. c4 e6 3. Nf3 d5 4. g3 dxc4 5. Bg2 c5 6. Qa4+ Bd7 7. Qxc4 Bc6 8.
dxc5 Nbd7 9. b4 Ne5 10. Qc3 Neg4 11. Nbd2 Bb5 12. Nd4 Qd7 13. c6 Bxc6 14. Nxc6
bxc6 15. Bxc6 Ne5 16. Bxd7+ Nexd7 17. Qc6 Rd8 18. a3 Be7 19. Bb2 O-O 20. Bxf6
Nxf6 21. Rd1 Rd6 22. Qc4 Rfd8 23. e3 a6 24. Ke2 Kh8 25. Nf3 Nd5 26. e4 Nb6 27.
Qxa6 Nd5 28. Qc4 Nb6 29. Qb5 Nc8 30. Qb7 Re8 31. Rxd6 Nxd6 32. Qd7 Bf8 33. e5
Re7 34. Qxd6 Kg8 35. Rc1 Re8 36. Qd7 Re7 37. Qd8 f6 38. Rc8 Rf7 39. Nd4 h5 40.
Nxe6 fxe5 41. Nxf8 Ra7 42. Nd7+ Kh7 43. Nxe5 Kh6 44. Qb6+ {
PostModernist resigns} 1-0

[Event "ICS rated bullet match"]
[Site "204.178.125.65"]
[Date "1999.12.03"]
[Round "?"]
[White "PostModernist"]
[Black "Hossa"]
[Result "0-1"]
[WhiteElo "2478"]
[BlackElo "2576"]
[PlyCount "120"]
[EventDate "1999.??.??"]

1. d4 Nf6 2. c4 e6 3. Nc3 d5 4. Nf3 Bb4 5. Bg5 Nbd7 6. cxd5 exd5 7. e3 h6 8.
Bh4 g5 9. Bg3 Ne4 10. Qb3 c5 11. Bb5 Qa5 12. Qxd5 Bxc3+ 13. bxc3 Qxc3+ 14. Ke2
Qb2+ 15. Kd3 Qxb5+ 16. Qc4 Qxc4+ 17. Kxc4 Nb6+ 18. Kd3 Bf5 19. Ke2 Bg4 20. dxc5
Nd7 21. c6 bxc6 22. Rac1 c5 23. Rc4 Bxf3+ 24. gxf3 Nxg3+ 25. fxg3 Rb8 26. Rc2
Ke7 27. h4 Rhd8 28. hxg5 hxg5 29. Rh5 Kf6 30. Rh6+ Kg7 31. Rh5 Kg6 32. g4 Rb1
33. Rd2 c4 34. f4 gxf4 35. exf4 Rg1 36. Rd6+ Kg7 37. Kf2 Rb1 38. Rhd5 c3 39.
Rxd7 Rxd7 40. Rxd7 c2 41. Rc7 c1=Q 42. Rxc1 Rxc1 43. Ke3 Ra1 44. f5 Rxa2 45.
Kf4 Ra4+ 46. Kg5 Rxg4+ 47. Kxg4 a5 48. Kg5 a4 49. f6+ Kh7 50. Kh5 a3 51. Kg5 a2
52. Kg4 Kg6 53. Kf3 Kf5 54. Ke2 Ke4 55. Kd2 a1=Q 56. Kc2 Qxf6 57. Kb1 Kd3 58.
Ka2 Kc3 59. Kb1 Qf2 60. Ka1 60... Qb2# {PostModernist checkmated} 0-1

[Event "ICS rated blitz match"]
[Site "204.178.125.65"]
[Date "1999.12.03"]
[Round "?"]
[White "PostModernist"]
[Black "Hossa"]
[Result "0-1"]
[WhiteElo "2594"]
[BlackElo "2453"]
[PlyCount "298"]
[EventDate "1999.??.??"]

1. c4 Nf6 2. g3 g6 3. Nc3 e5 4. Bg2 Nc6 5. e3 Bg7 6. Nge2 d6 7. d3 Bg4 8. Qb3
Qc8 9. Bd2 O-O 10. O-O-O Nd7 11. Bxc6 bxc6 12. Qc2 Bf3 13. Rhe1 Nf6 14. h4 Ng4
15. Rf1 Qa6 16. Rde1 Rab8 17. Qa4 Qxa4 18. Nxa4 Nh2 19. Rg1 Bg4 20. Ba5 Rb7 21.
Rh1 Nf3 22. Rd1 Rfb8 23. Ng1 Nxg1 24. Rdxg1 c5 25. b3 Bf3 26. Rh2 f5 27. Re1 c6
28. Bd2 Kf7 29. Nb2 e4 30. dxe4 fxe4 31. Na4 Bf6 32. Bc3 Be7 33. Kb1 Ke6 34.
Bb2 Rf8 35. Rc1 h5 36. Rc2 Bd8 37. Nc3 Rbf7 38. Ne2 Ba5 39. Nf4+ Kf5 40. Bc3
Bxc3 41. Rxc3 Rf6 42. Nh3 Ke5 43. Rc2 a5 44. Ng5 Rb8 45. Kc1 Bg4 46. Rh1 Rb4
47. Kb2 a4 48. Rd2 Rf8 49. Rc1 axb3 50. axb3 Rb6 51. Rc3 Rb7 52. Rcc2 Rfb8 53.
Rc3 Ra7 54. Rcc2 Rb4 55. Rc1 Rab7 56. Rc3 R4b6 57. Kc2 Ra6 58. Kb2 Ra5 59. Rc1
Rba7 60. Kc3 Ra3 61. Rb1 Rb7 62. Rdb2 Bf3 63. Nh3 Rf7 64. Rd2 Rg7 65. Nf4 Rg8
66. Kb2 Ra5 67. Rc1 g5 68. hxg5 Rxg5 69. Ra1 Rxa1 70. Kxa1 Rg7 71. Kb2 Rg8 72.
Kc2 Ra8 73. Kc3 Ra1 74. Ng6+ Ke6 75. Nf8+ Ke7 76. Kb2 Rg1 77. Ng6+ Kd7 78. Ne5+
Kc7 79. Nxf3 exf3 80. Rc2 Kd7 81. Kc3 Ra1 82. Kd3 Re1 83. Rb2 d5 84. Rc2 Kd6
85. Ra2 Rb1 86. Kc2 Rf1 87. Kc3 Ke5 88. Kd3 Rd1+ 89. Kc2 Re1 90. Kd3 Rb1 91.
Kc2 Rg1 92. Kd3 Rf1 93. Rc2 Rd1+ 94. Rd2 Rb1 95. Kc2 Ra1 96. Kb2 Rh1 97. Kc3 h4
98. gxh4 Rxh4 99. Ra2 Ke6 100. Kd3 Rh2 101. Ra6 Kd7 102. Ra2 Kd6 103. Rc2 Rh1
104. Ra2 Rb1 105. Kc2 Re1 106. Kd3 Rd1+ 107. Kc2 Rg1 108. Kc3 Rc1+ 109. Kd2 Rf1
110. Kc3 Ke5 111. Kd3 Rb1 112. Kc2 Rg1 113. Kd2 d4 114. Ra8 Rf1 115. Re8+ Kd6
116. Kd3 Rxf2 117. exd4 cxd4 118. Kxd4 Rd2+ 119. Kc3 f2 120. Rf8 Ra2 121. Kd3
Kc5 122. Ke3 Rb2 123. Rxf2 Rxb3+ 124. Ke4 Kxc4 125. Rf1 c5 126. Rd1 Kb4 127.
Rd8 c4 128. Rc8 Rh3 129. Rb8+ Ka3 130. Kd4 c3 131. Rc8 Kb2 132. Rb8+ Kc1 133.
Kc4 c2 134. Kd4 Kd2 135. Rb2 Rh4+ 136. Kd5 Kc3 137. Rxc2+ Kxc2 138. Kd6 Kd3
139. Ke5 Rd4 140. Kf6 Ke4 141. Ke6 Kf4 142. Kf7 Kf5 143. Ke7 Rd3 144. Kf7 Re3
145. Kg7 Re7+ 146. Kf8 Kf6 147. Kg8 Kg6 148. Kf8 Re6 149. Kg8 149... Re8# {
PostModernist checkmated} 0-1

[Event "ICS Rated blitz match"]
[Site "204.178.125.65"]
[Date "1999.12.03"]
[Round "?"]
[White "Hossa"]
[Black "PostModernist"]
[Result "1/2-1/2"]
[WhiteElo "2475"]
[BlackElo "2572"]
[PlyCount "113"]
[EventDate "1999.??.??"]

1. d4 Nf6 2. c4 e6 3. Nf3 d5 4. g3 dxc4 5. Bg2 c5 6. Qa4+ Bd7 7. Qxc4 Bc6 8.
dxc5 Nbd7 9. Be3 Nd5 10. Bd4 Qa5+ 11. Nc3 Nxc5 12. Ne5 O-O-O 13. Nxc6 bxc6 14.
Bxc5 Bxc5 15. Rc1 Qb4 16. Qa6+ Kb8 17. O-O Qb6 18. Qc4 Ne3 19. fxe3 Bxe3+ 20.
Kh1 Rd4 21. Qxc6 Qxc6 22. Bxc6 Bxc1 23. Rxc1 Rc8 24. Bf3 Rd2 25. b3 Rd7 26. Rd1
Rxd1+ 27. Nxd1 Rc1 28. e4 Ra1 29. a4 Ra3 30. Kg2 Rxb3 31. Nf2 Ra3 32. Bd1 f6
33. h4 Kc7 34. Bc2 Kd6 35. Nd1 Kc5 36. Nf2 Kd6 37. Nd3 Rc3 38. Ne1 h5 39. Kf2
a5 40. Bb1 Rc4 41. Bc2 e5 42. Kf3 Rc3+ 43. Kg2 g6 44. Kf2 Rc4 45. Kg2 Rc3 46.
Bd3 Ra3 47. Bb5 Ra2+ 48. Kf3 Ke7 49. g4 Ra1 50. Nd3 Rh1 51. gxh5 gxh5 52. Kg3
Rg1+ 53. Kh3 Rh1+ 54. Kg3 Rg1+ 55. Kh3 Rh1+ 56. Kg3 Rg1+ 57. Kh3 {
Game drawn by repetition} 1/2-1/2

[Event "ICS rated blitz match"]
[Site "204.178.125.65"]
[Date "1999.12.03"]
[Round "?"]
[White "PostModernist"]
[Black "Hossa"]
[Result "1-0"]
[WhiteElo "2568"]
[BlackElo "2479"]
[PlyCount "57"]
[EventDate "1999.??.??"]

1. e4 c6 2. d4 d5 3. e5 Bf5 4. h4 h5 5. c4 Bxb1 6. Rxb1 Qa5+ 7. Bd2 Qxa2 8. Rh3
e6 9. c5 b6 10. Ra3 Qxb1 11. Qxb1 bxc5 12. Qa1 a6 13. dxc5 Bxc5 14. b4 Be7 15.
Bxa6 Ra7 16. Bd3 Rb7 17. Ra7 Rd7 18. Rxd7 Kxd7 19. Qa7+ Kc8 20. Ba6+ Nxa6 21.
Qxa6+ Kc7 22. b5 cxb5 23. Ba5+ Kb8 24. Qb6+ Ka8 25. Qc6+ Kb8 26. Bc7+ Kc8 27.
Bb6+ Kb8 28. Qc7+ Ka8 29. Qc8# {Hossa checkmated} 1-0